| 000 | 00354nam a2200097Ia 4500 | ||
|---|---|---|---|
| 008 | 220204s9999 xx 000 0 und d | ||
| 082 |
_a338.26(540) _bRUB |
||
| 245 | 0 | _aTenth Five Year Plan 2002-07: Processing, quality upgradation and product diversification: Minutes of EFC meeting and Govt. approval | |
| 260 |
_aKottayam _bRubber Board _c2003 |
||
| 942 | _cBK | ||
| 999 |
_c44773 _d44773 |
||